Geografía Agraria (Registro nro. 5994)

Detalles MARC
000 -LEADER
fixed length control field 01074 a2200241 4500
001 - CONTROL NUMBER
control field 56578
005 - DATE AND TIME OF LATEST TRANSACTION
control field 20260407155830.0
008 - FIXED-LENGTH DATA ELEMENTS--GENERAL INFORMATION
fixed length control field 260407a1975 arg spa d
003 - CONTROL NUMBER IDENTIFIER
control field AR-UNSa-BCEJYS
040 ## - CATALOGING SOURCE
Original cataloging agency AR-UNSa-BCEJYS
Language of cataloging spa
Transcribing agency AR-UNSa-BCEJYS
080 ## - UNIVERSAL DECIMAL CLASSIFICATION NUMBER
Universal Decimal Classification number 911.3:63
Common auxiliary subdivision Geografía Agraria
020 ## - INTERNATIONAL STANDARD BOOK NUMBER
International Standard Book Number 84-282-0429-2
041 ## - LANGUAGE CODE
Language code of text/sound track or separate title spa
100 1# - MAIN ENTRY--PERSONAL NAME
Personal name Faucher, Daniel
245 10 - TITLE STATEMENT
Title Geografía Agraria
Name of part/section of a work tipos de cultivos
250 ## - EDITION STATEMENT
Edition statement 2a. ed.
264 #1 - PRODUCTION, PUBLICATION, DISTRIBUTION, MANUFACTURE, AND COPYRIGHT NOTICE
Place of production, publication, distribution, manufacture Barcelona :
Name of producer, publisher, distributor, manufacturer Ediciones Omega
Date of production, publication, distribution, manufacture, or copyright notice 1975
300 ## - PHYSICAL DESCRIPTION
Extent 354 p.
Dimensions 21 cm.
505 ## - FORMATTED CONTENTS NOTE
Formatted contents note 1. Formas primitivas de la vida agrícola.Las cosechas silvestres - 2. Los cultivos itinerantes - 3. Los cultivos sedentarios con barbechos - 4. Los cultivos continuados por acumulación del trabajo humano - 5. Los cultivos intensivos por rotación. La agricultura científica - 6. Cultivos básicos alimenticios:Los cereales - 7. Los cultivos para la ganadería - 8. Huertas y vergeles - 9. La viña - 10. Los cultivos para la industria
590 ## - LOCAL NOTE (RLIN)
Local note niveau_biblio:m niveau_hierar:0
700 1# - ADDED ENTRY--PERSONAL NAME
Personal name Martínez, Rafael
942 ## - ADDED ENTRY ELEMENTS (KOHA)
Koha item type
Existencias
Withdrawn status Lost status Damaged status Not for loan Home library Current library Shelving location Date acquired Total checkouts Full call number Barcode Date last seen Price effective from Koha item type
        Biblioteca Prof. Eusebio Cleto del Rey Biblioteca Prof. Eusebio Cleto del Rey   07/04/2026   911.3:63 F562 2ed. L70130 07/04/2026 07/04/2026 Libro
        Biblioteca Prof. Eusebio Cleto del Rey Biblioteca Prof. Eusebio Cleto del Rey   07/04/2026   911.3:63 F562 2ed. L70129 07/04/2026 07/04/2026 Libro